书目信息 |
| 题名: |
恨海难填
|
|
| 作者: | 陈慎言 著 | |
| 分册: | ||
| 出版信息: | 天津 百花文艺出版社 1986.10 |
|
| 页数: | 417页 | |
| 开本: | 20cm | |
| 丛书名: | ||
| 单 册: | ||
| 中图分类: | I246.3 | |
| 科图分类: | ||
| 主题词: | 小说--中国 | |
| 电子资源: | ||
| ISBN: | ||
| 000 | 00513nam0 2200193 45 | |
| 001 | 0312221749 | |
| 005 | 20031222171039.9 | |
| 010 | @dCNY2.05 | |
| 100 | @a20031222d1986 km y0chiy0120 ea | |
| 101 | @achi | |
| 105 | @a z 000yy | |
| 200 | 1 | @a恨海难填@AHen Hai Nan Tian@f陈慎言著@FChen Shen Yan Zhu |
| 210 | @a天津@c百花文艺出版社@d1986.10 | |
| 215 | @a417页@d20cm | |
| 606 | 0 | @a小说@x中国 |
| 690 | @aI246.3@v3 | |
| 701 | 0 | @a陈慎言@4著 |
| 801 | @aCN@bTSTCL@c20031222 | |
| 905 | @a213230@dI246.3@e32@b240021@f1 | |
| 恨海难填/陈慎言著.-天津:百花文艺出版社,1986.10 |
| 417页;20cm |
| ISBN :CNY2.05 |
| ● |
| 相关链接 |
|
|
|
|
正题名:恨海难填
索取号:I246.3/32
 
预约/预借
| 序号 | 登录号 | 条形码 | 馆藏地/架位号 | 状态 | 备注 |
| 1 | 0240021 | 001732959 | 密集书库/ [索取号:I246.3/32] | 在馆 |